000 00991nam a2200253 i 4500
001 54727
003 ES-MaACL
005 20250716042539.0
007 t|
008 040113s2002 fr ||||1| fre d
020 _a2-7177-2201-7
080 _a821.133.1 Hugo, Victor (083.824)
245 0 0 _aVictor Hugo, l'homme océan /
_csous la direction de Marie-Laure Prévost.
260 _aParis :
_bBibliothèque nationale de France,
_c2002.
300 _a367 p. :
_bil. col. ;
_c28 cm.
500 _a"Publié áa l'occasion de l'exposition ... présentée áa la Bibliothèque nationale de France dans la grande galerie du site François Mitterand, du 20 mars u 23 juin 2002"
600 1 4 _aHugo, Victor,
_d1802-1885-
_vExposiciones
_964628
655 7 _2tgfbne
_9193628
_aCatálogos de exposiciones
700 1 _aPrévost, Marie-Laure.
_993820
710 2 _aBibliothèque nationale de France.
_92217
852 _aES-MaACL
_jL-26750
_bR.132422
942 _2udc
999 _c54727
_d54727